Humenné Laborský most

Zobrazenie: Pohľad z brehu na most cez rieku. Most má dva oblúky. Pred mostom, na ľavom brehu stojí muž a dve prasatá. Za mostom sú na oboch brehoch stromy

Bibliographic Details
Format: Postcard
Language:Slovak
Hungarian
PhysicalDescription:1 pohľadnica čiernobiela 9 x 14 cm
Published: V Humennom Vincent Ševčík hlav. sklad. tab. [medzi 1930 a 1939?]
Subjects:

MARC

LEADER 00000nkm a2200000 a 4500
001 vtls012011759
003 SK-MaSNL
005 20260512122640.0
007 kp bo
008 231121q1930 xo g kuslo
015 |a SNBG 
035 |a urn:nbn:sk:snk-km00fas2 
035 |a urn:nbn:sk:snk-km45t4z 
035 |a B36CD89D-87B5-440F-8A39-9333C9694B88 
040 |a SNK  |b slo  |c SNK  |e AACR2 
041 0 |a slo  |a hun 
043 |a e-xo--- 
044 |a xo  |c SK 
072 7 |a 908(437)  |x Vlastiveda Česka a Slovenska  |2 konspekt 
080 |a 908(437.6)  |2 2011 
080 |a (084.121)  |2 2011 
080 |a 725.95  |2 2011 
080 |a 624.21/.8  |2 2011 
080 |a 556.53  |2 2011 
245 0 0 |a Humenné  |h grafika  |b Laborský most 
246 3 1 |a Homonna  |b Laborczi híd 
260 |a V Humennom  |b Vincent Ševčík hlav. sklad. tab.  |c [medzi 1930 a 1939?] 
300 |a 1 pohľadnica  |b čiernobiela  |c 9 x 14 cm 
500 |a Názvové údaje prevzaté z obrazovej časti dokumentu 
520 |a Zobrazenie: Pohľad z brehu na most cez rieku. Most má dva oblúky. Pred mostom, na ľavom brehu stojí muž a dve prasatá. Za mostom sú na oboch brehoch stromy 
546 |a Súbežný názov a podnázov v maďarčine 
650 0 7 |a rieky  |2 SNKPH  |9 29644 
650 0 7 |a mosty  |2 SNKPH  |9 3015 
651 7 |a Humenné (Slovensko)  |2 SNKPHgeo  |9 19199 
651 7 |a Laborec (Slovensko : rieka)  |2 SNKPHgeo  |9 162866 
655 7 |a geografické pohľadnice  |2 SNKPH  |9 70522 
752 |a Slovensko  |d Humenné 
852 |a Slovenská národná knižnica 
958 |a GBN 
958 |a GC 
958 |a OND 
958 |a EUIPO 
999 |c 644849  |d 646779 
952 |a SNK  |b SNK  |y PREZ  |7 0  |p 17A1407467  |o snkSP 108918  |z Pohľadnica prešla poštou.  |0 0  |1 0  |4 0  |d 2021-01-21  |f 1  |l 0  |r 2026-02-23 18:04:11  |w 2026-02-23